Sacro Imperio Romano Germánico - Muerte Súbita - Estadísticas

Estadísticas generales
  • Esta prueba ha sido intentada 15 veces
  • La puntuación promedio es 8 de 13
Answers on the Grid
Answers color-coded by a green-red scale on the quiz's grid according to % correct below.
Alemania
Austria
Bélgica
Croacia
Dinamarca
Eslovenia
España
Francia
Italia
Liechtenstein
Lituania
Luxemburgo
Mónaco
Montenegro
Países Bajos
Polonia
Portugal
Reino Unido
República Checa
Rusia
Suecia
Suiza
 
Estadísticas de respuestas
Respuesta % Correcto
Alemania
92%
Austria
92%
Italia
83%
Liechtenstein
75%
Bélgica
67%
Luxemburgo
67%
Polonia
58%
República Checa
58%
Francia
50%
Países Bajos
50%
Suiza
50%
Croacia
42%
Eslovenia
42%
No se encontraron pruebas coincidentes
Distribución de puntuación
Porcentaje de gente con cada puntuación
Porcentaje por número respondido
Historial de tus puntuaciones
No has intentado esta prueba.